| 000 | 01289nam a2200337 i 4500 | ||
|---|---|---|---|
| 003 | EG-GICUC | ||
| 005 | 20260221120433.0 | ||
| 008 | 260119r19941995ua |||fr|||| 00| 0 ara d | ||
| 017 | _a8546/94 | ||
| 020 | _a9770412287 | ||
| 040 |
_a EG-GICUC _bara _c EG-GICUC _d EG-GICUC _erda |
||
| 041 | 0 | _aAra | |
| 082 | 0 | 4 |
_221 _a343.93 _bم ح . إ |
| 092 | 0 | 4 | _221 |
| 099 | _aLaw1 10 343.93 م ح . إ 1994 | ||
| 100 | 0 |
_aمحمد عيد الغريب _eمؤلف. |
|
| 245 | 1 | 2 |
_aالإفراج الشرطى فى ضوء السياسة العقابية الحديثة / _cتأليف دكتور محمد عيد الغريب. |
| 264 | 3 |
_a[مكان النشر غير محدد] : _bدار الإيمان للطباعة، _c1984. |
|
| 300 |
_a294 صفحة؛ _c24 سم. _bإيضاحيات، صور، مثيليات ؛ |
||
| 336 |
_2rda content _atext |
||
| 337 |
_2rda media _aComputer |
||
| 338 |
_2rda carrier _aOnline Resource |
||
| 504 | _a. 240-220 ببليوجرافيا: صفحات. | ||
| 546 | _aالنص باللغة العربية | ||
| 650 | 1 |
_aعلم السياسة الجنائية _2qrmak |
|
| 650 | 1 |
_aالقانون الجنائى _2qrmak |
|
| 651 | 1 | _2qrmak | |
| 856 | 4 | 0 | _uhttps://fll.law.cu.edu.eg/fulltext/bks/B10-07864.pdf |
| 905 | _a54 | ||
| 942 |
_2ddc _cBK _e21 _n0 |
||
| 999 |
_c57897 _d57897 |
||